| 000 | 01516nam a2200277 i 4500 | ||
|---|---|---|---|
| 003 | DO-SdBNP | ||
| 005 | 20231116104640.0 | ||
| 006 | a||||gr|||| 00| 0 | ||
| 007 | ta | ||
| 008 | 231113t2022 dr aao|| |||| 00| 0 spa d | ||
| 040 |
_aDO-SdBNP _bspa _cBNPHU _erda |
||
| 082 | 4 |
_222 _bR426c |
|
| 110 | 1 |
_aRepública Dominicana. _bDirección General de Impuestos Internos _956165 |
|
| 245 | 1 | 0 |
_aCompilado y actualización de normas generales: _bemitidas por la Dirección General de Impuestos Internos dgii, octubre 2022. / _cPrólogo, Luis Valdez Veras. / |
| 246 |
_aCompilado y actualización de normas generales: _bemitidas por la Dirección General de Impuestos Internos octubre 2022 |
||
| 264 |
_aSanto Domingo : _bDirección General de Impuestos Internos, _c2023 |
||
| 300 |
_a894 páginas : _bIlustraciones, fotografías _c29 cm. |
||
| 336 |
_2rdacontent _atexto _btxt |
||
| 337 |
_2rdamedia _asin mediación _bn |
||
| 338 |
_2rdacarrier _avolumen _bnc |
||
| 500 | _aLa Biblioteca posee el v.2 | ||
| 505 |
_aCasino y / o juego de azar. _tLeyes de incentivo.-- _tLeyes de incentivo y comprobantes fiscales.-- _tVehículos de motor.-- _tRegistro Nacional de Contribuyentes (RNC) y Sociedades.-- _tSectoriales.-- _tSector Agropecuario.-- _tFiscalidad internacional.-- _tMercado de valores.-- _tTransparencia, revalorización patrimonial, amnistía y facilidades de pago.-- _tOtras normas Generales de Interés. |
||
| 590 | _aInventariado 2023 / MF | ||
| 700 | 1 |
_aValdez Veras. Luis, _eprólogo _984626 |
|
| 942 |
_2ddc _cLBS1 |
||
| 999 |
_c55472 _d55472 |
||